| 000 | 00479nam a22001697a 4500 | ||
|---|---|---|---|
| 003 | NUST - PNEC | ||
| 005 | 20170116180918.0 | ||
| 008 | 150904b xxu||||| |||| 00| 0 eng d | ||
| 020 | _a812190871X | ||
| 040 | _cLIBRARY | ||
| 082 | _a621.3 MEH | ||
| 100 |
_97599 _aMehta, V. K. |
||
| 245 |
_aBasic electrical engineering : for degree, diploma & other engineering examinations _cV.K. Mehta |
||
| 260 | _cc.2004 | ||
| 650 |
_97600 _aElectrical engineering _xEE |
||
| 942 |
_2ddc _cBK |
||
| 999 |
_c65537 _d65537 |
||